Geometrie der Zahlen. Erste Lieferung /
Guardado en:
| Autor Principal: | |
|---|---|
| Formato: | Libro |
| Idioma: | German |
| Publicado: |
New York :
Chelsea,
1953.
|
| Etiquetas: |
Agregar Etiqueta
Sin Etiquetas, Sea el primero en etiquetar este registro!
|
| LEADER | 00546nam a22001575a 4500 | ||
|---|---|---|---|
| 001 | MAT.inmabb001101 | ||
| 008 | 031120s1953####nyu###########000#0#ger#d | ||
| 005 | 20170809152201.0 | ||
| 245 | 1 | 0 | |a Geometrie der Zahlen. |n Erste Lieferung / |c von Hermann Minkowski. |
| 260 | |a New York : |b Chelsea, |c 1953. | ||
| 300 | |a 256 p. ; |c 21 cm. | ||
| 500 | |a In zwei Lieferungen. | ||
| 510 | 4 | |a MR, |c 40 #2515 |3 Band 40 Johnson Reprint Corp., New York-London 1968 | |
| 100 | 1 | |a Minkowski, Hermann. | |
| 084 | |a 01-XX |a 11-XX |a 51-XX |2 msc2000 | ||
| 859 | |h 51 |i M665 |p A-1067 |b BIB. MATEMATICA | ||
